| 000 | 00406nam a2200145 a 4500 | ||
|---|---|---|---|
| 001 | 2076 | ||
| 003 | CDMR | ||
| 005 | 20130116135224.0 | ||
| 008 | 130130s2002||||||||||||||||||||||||||||d | ||
| 040 |
_aCDMR _bcat _cCPC LLEIDA |
||
| 110 | 2 |
_aUnió de Periodistes Valencians _9621 |
|
| 245 | 1 | 3 |
_aLa informació valenciana de proximitat _cUnió de Periodistes Valencians |
| 260 |
_aValència _c2002 _bUPV |
||
| 942 | _cMON | ||
| 999 |
_c2076 _d2076 |
||